| 000 | 00000nam##2200000za#4500 |
| 001 | 9.620800 |
| 003 | CaOODSP |
| 005 | 20200401044233 |
| 007 | ta |
| 008 | 150406|1993||||xxc||||| f|0| 0 fre|d |
| 020 | |a0-662-98132-4 |
| 022 | |a1188-7990 |
| 040 | |aCaOODSP|bfre |
| 043 | |an-cn--- |
| 086 | 1 |aEn1-17/5-1993F |
| 110 | 1 |aCanada. |bEnvironnement Canada. |bService de la protection de l'environnement. |
| 245 | 10|aEaux usées industrielles: prototype mobile de pressoir rotatif pour la déshydratation des boues industrielles / |cpar Francine Fortin et André Poulin. |
| 260 | |aMontréal - Québec : |bEnvironnement Canada. |c1993. |
| 300 | |a4p. : |bfigures en couleur, tableaux ; |c28 cm. |
| 490 | 1 |aTechnologies Saint-Laurent|x1188-7990 |
| 563 | |aDépliant |
| 590 | |a95-29|b1995-07-21 |
| 691 | 07|aGestion des déchets|2gcpds |
| 720 | 1 |aFortin, Francine |
| 720 | 1 |aPoulin, André |
| 775 | 08|tIndustrial wastewater: mobile prototype of a rotary press for dewatering industrial sludges / |w(CaOODSP)9.608726 |
| 776 | 0#|tEaux usées industrielles. Prototype mobile de pressoir rotatif pour la déshydratation des boues industrielles |w(CaOODSP)9.601817 |
| 830 | #0|aTechnologies Saint-Laurent,|x1188-7990|w(CaOODSP)9.512939 |